<?xml version="1.0" encoding="UTF-8"?>
<record
    xmlns:xsi="http://www.w3.org/2001/XMLSchema-instance"
    xsi:schemaLocation="http://www.loc.gov/MARC21/slim http://www.loc.gov/standards/marcxml/schema/MARC21slim.xsd"
    xmlns="http://www.loc.gov/MARC21/slim">

  <leader>01351    a2200217   4500</leader>
  <controlfield tag="001">54311</controlfield>
  <controlfield tag="005">20260407155814.0</controlfield>
  <controlfield tag="008">260407a1995    arg                 spa d</controlfield>
  <controlfield tag="003">AR-UNSa-BCEJYS</controlfield>
  <datafield tag="040" ind1=" " ind2=" ">
    <subfield code="a">AR-UNSa-BCEJYS</subfield>
    <subfield code="b">spa</subfield>
    <subfield code="c">AR-UNSa-BCEJYS</subfield>
  </datafield>
  <datafield tag="080" ind1=" " ind2=" ">
    <subfield code="a">504.06</subfield>
    <subfield code="x">Protecci&#xF3;n del medio ambiente. Gesti&#xF3;n de la calidad del medio ambiente</subfield>
  </datafield>
  <datafield tag="245" ind1="1" ind2="0">
    <subfield code="a">Empresa y medio ambiente</subfield>
  </datafield>
  <datafield tag="020" ind1=" " ind2=" ">
    <subfield code="a">84-368-0872-X</subfield>
  </datafield>
  <datafield tag="264" ind1=" " ind2="1">
    <subfield code="a">Madrid :</subfield>
    <subfield code="b">Ediciones Pir&#xE1;mide</subfield>
    <subfield code="c">1995</subfield>
  </datafield>
  <datafield tag="300" ind1=" " ind2=" ">
    <subfield code="a">293 p.</subfield>
    <subfield code="c">22 cm.</subfield>
  </datafield>
  <datafield tag="505" ind1=" " ind2=" ">
    <subfield code="a">1. Algunos conceptos b&#xE1;sicos de colog&#xED;a aplicada - 2. Empresa y medio ambiente en el contexto de la econom&#xED;a de mercado - 3. El marco jur&#xED;dico ambiental para la empresa.La responsabilidad por da&#xF1;os ambientales en la uni&#xF3;n europea - 4. el papel de los instrumentos econ&#xF3;micos - 5. La inversi&#xF3;n en medio ambiente en las empresas espa&#xF1;olas - 6. Metodolog&#xED;as para la evaluaci&#xF3;n de impactos ambientales - 7. Auditor&#xED;as medioambientales - 8. La gesti&#xF3;n del medio ambiente en la empresa industrial - 9. Experiencias espa&#xF1;olas (I):El caso Renfe - 10. Experiencias espa&#xF1;olas (II):Las industrias aceitera y qu&#xED;mica - 11. Experiencias espa&#xF1;olas (III):La miner&#xED;a a cielo abierto - 12. Experiencias internacionales</subfield>
  </datafield>
  <datafield tag="942" ind1=" " ind2=" ">
    <subfield code="c">BK</subfield>
  </datafield>
  <datafield tag="590" ind1=" " ind2=" ">
    <subfield code="a">niveau_biblio:m niveau_hierar:0</subfield>
  </datafield>
  <datafield tag="100" ind1="1" ind2=" ">
    <subfield code="a">Ruesga, Santos M.</subfield>
  </datafield>
  <datafield tag="700" ind1="1" ind2=" ">
    <subfield code="a">Dur&#xE1;n, Gemma</subfield>
  </datafield>
  <datafield tag="999" ind1=" " ind2=" ">
    <subfield code="c">5479</subfield>
    <subfield code="d">5479</subfield>
  </datafield>
  <datafield tag="952" ind1=" " ind2=" ">
    <subfield code="0">0</subfield>
    <subfield code="1">0</subfield>
    <subfield code="4">0</subfield>
    <subfield code="7">0</subfield>
    <subfield code="a">BCEJYS</subfield>
    <subfield code="b">BCEJYS</subfield>
    <subfield code="c">16</subfield>
    <subfield code="d">2026-04-07</subfield>
    <subfield code="l">0</subfield>
    <subfield code="o">504.06 R918</subfield>
    <subfield code="p">L85427</subfield>
    <subfield code="r">2026-04-07 15:58:14</subfield>
    <subfield code="w">2026-04-07</subfield>
    <subfield code="y">L</subfield>
  </datafield>
  <datafield tag="952" ind1=" " ind2=" ">
    <subfield code="0">0</subfield>
    <subfield code="1">0</subfield>
    <subfield code="4">0</subfield>
    <subfield code="7">0</subfield>
    <subfield code="a">BCEJYS</subfield>
    <subfield code="b">BCEJYS</subfield>
    <subfield code="c">16</subfield>
    <subfield code="d">2026-04-07</subfield>
    <subfield code="l">0</subfield>
    <subfield code="o">504.06 R918</subfield>
    <subfield code="p">L85428</subfield>
    <subfield code="r">2026-04-07 15:58:14</subfield>
    <subfield code="w">2026-04-07</subfield>
    <subfield code="y">L</subfield>
  </datafield>
</record>
